| 000 | 00392nam a2200169Ia 4500 | ||
|---|---|---|---|
| 003 | LK-CoDNM | ||
| 008 | 010623t1993 xxu||||| |||| 00| 1 sin d | ||
| 040 |
_aLK-CoDNM _dLK-CoDNM _eLK-CoDNM |
||
| 041 | _asin | ||
| 080 | _a32 | ||
| 100 | _aFonseka,W.P.S | ||
| 245 | _aඅපේක්ෂාව 2 | ||
| 246 | _aApekshawa 2 | ||
| 260 |
_b _c1993 |
||
| 300 | _b103p.;21 cm cm | ||
| 942 | _cBK | ||
| 999 |
_c116024 _d116024 |
||